000 00692nam a2200229Ia 4500
003 OSt
005 20220927104509.0
006 a|||||r|||| 00| 0
007 ta
008 220926b |||||||| |||| 00| 0 eng d
024 _a147905
037 _cReference Collections
040 _aRTL
_cRTL
_beng
041 _2eng
_aeng
082 _a"Y:4:6.72.N6, K7/UN"
110 _a"UN, ECONOMIC AND SOCIAL AFFAIRS (Deptt of-)"
245 0 _aOrganization and administration of social welfare
260 _c1967
700 _a"UN, ECONOMIC AND SOCIAL AFFAIRS (Deptt of-)"
942 _h"Y:4:6.72.N6, K7/UN"
_cCC
999 _c687746
_d687746